000 00526nam a2200193Ia 4500
001 20923
003 IN-NITTTR
005 20251114233238.0
008 251113s9999||||xx |||||||||||||| ||eng||
040 _beng
040 _cIN-NITTTR
041 _aeng
082 _a658 P21H
100 _aParkinson, C. Northcote
245 0 _aHow to enjoy your work & succeed :
_b the japanese way /
_cParkinson, C. Northcote, Rustomji, M. K., Sapre, S. A.
700 _a Rustomji, M. K.
700 _a Sapre, S. A.
942 _2ddc
_cBK
999 _c23553
_d23553